Catálogo
 En Linea

Como equivocarse menos en terapia / (Registro nro. 35994)

Detalles MARC
000 -CABECERA
campo de control de longitud fija 00594nam a2200181 a 4500
001 - NÚMERO DE CONTROL
campo de control 000036503
005 - FECHA Y HORA DE LA ÚLTIMA TRANSACCIÓN
campo de control 20200930075752.0
008 - DATOS DE LONGITUD FIJA--INFORMACIÓN GENERAL
campo de control de longitud fija 120119s1989 ag 000 0 spa d
020 ## - NÚMERO INTERNACIONAL ESTÁNDAR DEL LIBRO
Número Internacional Estándar del Libro 9509840084
040 ## - FUENTE DE LA CATALOGACIÓN
Centro catalogador/agencia de origen DO-SdBNP
Lengua de catalogación spa
Centro/agencia transcriptor BNPHU
082 ## - NÚMERO DE LA CLASIFICACIÓN DECIMAL DEWEY
Número de clasificación xxx
Número de documento/Ítem C334c
100 1# - ENTRADA PRINCIPAL--NOMBRE DE PERSONA
Nombre de persona Casabianca, Ruth
9 (RLIN) 48851
245 10 - MENCIÓN DE TÍTULO
Título Como equivocarse menos en terapia /
Mención de responsabilidad, etc. Ruth Casabianca, Hugo Hirsch.
260 ## - PUBLICACIÓN, DISTRIBUCIÓN, ETC.
Lugar de publicación, distribución, etc. Buenos Aires :
Nombre del editor, distribuidor, etc. Centro de Publicaciones. Universidad Nacional del Litoral,
Fecha de publicación, distribución, etc. 1989.
300 ## - DESCRIPCIÓN FÍSICA
Extensión 125 p. ;
Dimensiones 20 cm.
500 ## - NOTA GENERAL
Nota general Incluye notas al pie de las páginas.
700 1# - PUNTO DE ACCESO ADICIONAL--NOMBRE DE PERSONA
Nombre de persona Hirsch, Hugo
9 (RLIN) 48852
Existencias
Estado de retiro Estado de pérdida Restricciones de uso No para préstamo Código de colección Localización permanente Ubicación/localización actual Ubicación en estantería Fecha de adquisición Número de inventario Total de préstamos Signatura topográfica completa Código de barras Fecha visto por última vez Precio válido a partir de Tipo de ítem Koha
        Monografías: Libros y Folletos General General En catalogación 19.01.2012 LF1   xxx C334c 36504-10 25.06.2020 25.06.2020 Préstamo en sala

Con tecnología Koha